00646nac a22001931u 4500020001500000082001400015090001500029100003400044245007000078260003800148300002800186500001900214650002300233650003700256650002600293942001600319999001500335952010200350 a0442002947 a690bA496 c3103d3103 aAmbrose, James E.  aBuilding construction:cJames E. Ambrosenv.4pService systems / aNew York :bChapman & Hall, 1992. a142 p.:bIll. ;c29 cm. aIncludes index aBuilding fittings. aBuildings -- Mechanical systems. aBuilding -- Planning. cBBk690A496 c3103d3103 00104070aMAINbMAINc1STd2007-03-20ePurchasel1o690 AMBp000001431r2025-07-15 00:00:00yBB